Từ điển Việt Anh = Vietnamese english dictionary ( 95000 words )
Cuốn sách cung cấp cho bạn đọc nhiều từ thông dụng tiếng Việt dịch ra tiếng Anh nhưng vẫn giữ được bản sắc ngôn ngữ dân tộc.
Spremljeno u:
| Glavni autor: | |
|---|---|
| Format: | Knjiga |
| Jezik: | Undetermined |
| Izdano: |
Hà Nội
Giáo dục
1995
|
| Teme: | |
| Oznake: |
Dodaj oznaku
Bez oznaka, Budi prvi tko označuje ovaj zapis!
|
| Thư viện lưu trữ: | Trung tâm Học liệu Trường Đại học Cần Thơ |
|---|
| LEADER | 00785nam a2200217Ia 4500 | ||
|---|---|---|---|
| 001 | CTU_159577 | ||
| 008 | 210402s9999 xx 000 0 und d | ||
| 082 | |a 495.922321 | ||
| 082 | |b Ph513 | ||
| 100 | |a Bùi, Phụng | ||
| 245 | 0 | |a Từ điển Việt Anh = | |
| 245 | 0 | |b Vietnamese english dictionary ( 95000 words ) | |
| 245 | 0 | |c Bùi Phụng | |
| 260 | |a Hà Nội | ||
| 260 | |b Giáo dục | ||
| 260 | |c 1995 | ||
| 520 | |a Cuốn sách cung cấp cho bạn đọc nhiều từ thông dụng tiếng Việt dịch ra tiếng Anh nhưng vẫn giữ được bản sắc ngôn ngữ dân tộc. | ||
| 650 | |a English language | ||
| 650 | |x Dictionaries | ||
| 904 | |i QHieu | ||
| 980 | |a Trung tâm Học liệu Trường Đại học Cần Thơ | ||